000 00655nas a2200217 i 4500
001 1671
003 ES-MaACL
005 20250928125456.0
007 t|
008 950801d19251926po | | 1 ||or d
245 0 0 _aPortugalia
_b: revista de cultura, tradiçao e renovaçao nacional /
_cdir. Fidelino de Figueiredo.
260 _aLisboa :
_bJ.M.C.,
_c1925-1926.
300 _a1 v. ;
_c25 cm.
310 _aMensual
362 0 _aV. 1, nº 1 (Out. 1925)-v. 1, nº 6 (Mar. 1926)
650 7 _aCultura
_2embne
_9170963
700 1 _aFigueiredo, Fidelino de,
_d1889-1967
_950746
852 _aES-MaACL
_jB-8541
866 0 _o1925-26
999 _c1671
_d1671